000 00419pab a2200157 454500
008 180718b1999 xxu||||| |||| 00| 0 eng d
100 _aLoveland, Ian
245 _aIncorporating the European convention on human rights into UK law
260 _c1999
300 _ap.113-27
362 _aJan
650 _aHuman rights - Great Britain
650 _aHuman rights
773 _aParliamentary Affairs
909 _a41344
999 _c41344
_d41344